Compromiso con el cambio /
Uloženo v:
| Hlavní autor: | |
|---|---|
| Médium: | Text |
| Tagy: |
Přidat tag
Žádné tagy, Buďte první, kdo vytvoří štítek k tomuto záznamu!
|
MARC
| LEADER | 00000 a a2200000 04500 | ||
|---|---|---|---|
| 001 | 48388 | ||
| 003 | |||
| 040 | |||
| 100 | |a Silva, Luis Inácio Lula da | ||
| 245 | |a Compromiso con el cambio / |c Luis Inácio Lula da Silva | ||
| 773 | |g número361, (2002), páginas 3-5 | ||
| 999 | |c 26546 |d 26546 | ||
